Devinez la Capitale Mystère #85 - Statistiques

Statistiques générales
  • Ce quiz a été pris 137 fois
  • Le résultat moyen est 28 sur 36
Statistiques - réponses
Type de Réponse Réponse % Correct
Lettre Trouvée A
100%
Lettre de l'Alphabet N
100%
Lettre Trouvée R
100%
Lettre Trouvée S
100%
Lettre de l'Alphabet I
99%
Lettre Trouvée E
98%
Lettre de l'Alphabet O
98%
Lettre de l'Alphabet B
96%
Lettre de l'Alphabet L
96%
Lettre Trouvée T
95%
Lettre de l'Alphabet P
92%
Lettre de l'Alphabet H
91%
Lettre de l'Alphabet U
91%
Lettre de l'Alphabet G
90%
Lettre de l'Alphabet C
89%
Lettre Trouvée M
88%
Lettre Trouvée D
87%
Lettre Bien Placée S
82%
Lettre de l'Alphabet W
80%
Lettre de l'Alphabet K
79%
Lettre Bien Placée A
72%
Lettre Bien Placée E
71%
Lettre de l'Alphabet Y
70%
Lettre de l'Alphabet V
69%
Lettre de l'Alphabet X
66%
Lettre de l'Alphabet J
61%
Lettre Bien Placée A
60%
Lettre Bien Placée R
59%
Lettre Bien Placée T
59%
Lettre de l'Alphabet Z
53%
Lettre de l'Alphabet F
51%
Lettre Bien Placée M
49%
Lettre Bien Placée D
48%
Lettre de l'Alphabet Q
48%
Capitale Mystère Amsterdam
44%
Lettre Bien Placée M
44%
Aucun quiz correspondant
Distribution des résultats
% des personnes avec chaque résultat
Percentile par nombre de réponses
Votre historique - résultats
Vous n’avez pas pris ce quiz